01197 2200229 4500245011100000020002200111250001100133100001800144700001100162700001600173650002700189650002200216650001900238650001400257005001900271260005700290041001400347084001100361300003000372500055600402336000900958 aBuku Panduan Guru Pendidikan Agama Islam dan Budi Pekerti untuk SMA/SMK/MAK Kelas XIIcRohmat ChozinhText a978-602-244-454-1 aCet. 1 aRohmat Chozin aUntoro aAbdul Mu'is aPendidikan Agama Islam aKurikulum Merdeka aBuku Pelajaran aBuku Guru a20240920072658 aJakartabKementerian Pendidikan dan Kebudayaanc2022 aIndonesia a297.01 axxvi, 294 hlm. :c25 hlm. aBuku Pendidikan Agama Islam dan Budi Pekerti ini disusun sesuaidengan Peta Jalan Pendidikan Nasional 2020–2035 bahwa peningkatankualitas pendidikan nasional dilakukan dengan memperbaiki kurikulumnasional, pedagogi, dan penilaian.Materi yang diajarkan dalam buku ini sejalan dengan upaya untukpengembangan peserta didik, yaitu nilai-nilai dan ajaran Islam yang sangatmulia dan luhur untuk dijadikan suatu habbit dalam penanaman sikap,vimemperluas wawasan dan pengetahuan, serta mengembangkan keterampilanpeserta didik agar menjadi muslim yang kaafah. atext